00941cam a22002651 4500001001300000003000400013005001700017008004100034010001700075035001900092040004800111042001200159050002300171082001100194100004600205245004700251260007700298300008400375410006100459504003000520650004000550650004200590650002600632999001700658gs 49000134 DLC20260227111355.0780223s1948 lauabf 001 0 eng c ags 49000134  a(OCoLC)3663223 aU.S. Geol. Survey. Libr.cArLUAdOCoLCdDLC apremarc00aQE117b.A22 no. 25 a557.631 aMurray, Grover E.q(Grover Elmer),d1916-10aGeology of De Soto and Red River Parishes. aBaton Rouge,bDept. of Conservation, Louisiana Geological Survey,c1948. axvii, 312 p.billus., 17 fold plates (incl. maps (part col.) in pocket)c23 cm.20aLouisiana Geological SurveytGeological bulletinvno. 25 aBibliography: p. 271-301. 0aGeologyzLouisianazDe Soto Parish. 0aGeologyzLouisianazRed River Parish. 0aPetroleumzLouisiana. c28372d28372